| 000 | 01695 a2200205 4500 | ||
|---|---|---|---|
| 001 | 16011 | ||
| 005 | 20260407155453.0 | ||
| 008 | 260407a1987 arg spa d | ||
| 003 | AR-UNSa-BCEJYS | ||
| 040 |
_aAR-UNSa-BCEJYS _bspa _cAR-UNSa-BCEJYS |
||
| 080 |
_a342 _xDerecho constitucional (Derecho Público) |
||
| 245 | 1 | 0 | _aDerecho constitucional |
| 020 | _a950-14-0187-1 | ||
| 264 | 1 |
_aBuenos Aires : _bEdiciones Depalma _c1987 |
|
| 300 |
_a1039 p. _c22 cm. |
||
| 505 | _aI. Elementos de la teoría constitucional: 1. Constitución. Derecho Constitucional. Ciencia constitucional y teoría constitucional - 2. Tipología y clasificación de las constituciones - 3. El poder constituyente - 4. La Constitución argentina y la teoría constitucional -- II. La estructura constitucional positiva del Estado: La estructura normativa constitucional: 1. Principios generales - 2. Los actos jurídicos constitucionales - 3. Los derechos constitucionales - 4. Los deberes públicos subjetivos - La estructura de los principios constitucionales: 1. Clasificación de los principios constitucionales - 2. El principio de limitación - 3. El principio de funcionalidad - 4. El principio de supremacía - 5. El subprincipio de unidad - 6. El subprincipio de razonabilidad: el debido proceso legal - 7. El subprincipio de control - 8. El principio de estabilidad -- La estructura orgánica constitucional: 1. La estructura federal - 2. Las provincias - 3. El Poder Legislativo - 4. El Poder Ejecutivo - 5. El Poder Judicial -- La realidad constitucional al margen de la vigencia de su estructura normativa | ||
| 942 | _cBK | ||
| 590 | _aniveau_biblio:m niveau_hierar:0 | ||
| 100 | 1 | _aQuiroga Lavié, Humberto | |
| 999 |
_c683 _d683 |
||